000 00424pab a2200169 454500
008 180718b1999 xxu||||| |||| 00| 0 eng d
100 _aViswanath, T.S.
245 _aEuro: challenges plus opportunity
260 _c1999
300 _ap.17-18
362 _a5 May
650 _aInternational monetary systems
650 _aCurrencies
650 _aEuropean monetary union
773 _aBanking Finance
909 _a40840
999 _c40840
_d40840